MARC

LEADER 00000nam0a2200000 4500
001 309777
005 20231102002225.0
035 |a (RuTPU)RU\TPU\book\335116 
090 |a 309777 
100 |a 20151118d1981 m y0rusy5003 ca 
101 0 |a rus 
102 |a UZ 
105 |a a j 001zy 
200 1 |a Автокомпенсационные бесконтактные токоизмерители  |e [учебное пособие]  |f А. М. Плахтиев  |g Ташкентский политехнический институт им. А. Б. Беруни (ТашПИ) 
210 |a Ташкент  |c [Б. и.]  |d 1981 
215 |a 79 с.  |c ил.  |d 20 см. 
320 |a Библиогр.: с. 77-78 
606 1 |a Электроизмерительные приборы, компенсационные  |2 stltpush  |3 (RuTPU)RU\TPU\subj\20010  |9 45157 
610 1 |a большой постоянный ток 
610 1 |a магнитокомпенсационные бесконтактные измерители 
610 1 |a построение 
610 1 |a классификация 
610 1 |a динамика 
610 1 |a расчет 
610 1 |a учебные пособия 
675 |a 621.317.714(075.8)  |z rus  |v 4 
700 1 |a Плахтиев  |b А. М.  |g Анатолий Михайлович  |4 070 
712 0 2 |a Ташкентский политехнический институт им. А. Б. Беруни (ТашПИ)  |2 stltpush  |3 (RuTPU)RU\TPU\col\6741 
801 0 |a RU  |b RuMRKP  |c 19950704  |g psbo 
801 1 |a RU  |b 63413507  |c 20151118 
801 2 |a RU  |b 63413507  |c 20180917  |g RCR 
942 |c BK